000 00302nam a2200133Ia 4500
008 191201s2006 xx 000 0 und d
100 _aBIMBRA, P S
245 0 _aElectrical Machinery
250 _a-
260 _c2006
_bKhanna Publisher
_aN.Delhi
300 _a1060
650 _aECE
942 _2ddc
_cBB
999 _c7220
_d7220